Amatérské radio časopis pro elektroniky a radioamatéry

Bibliographic Details
New Title:Praktická elektronika A Radio
Praktická elektronika - Amatérské radio
Format: Journal
Language:Czech
PhysicalDescription:59 zv. 35 cm
Published: Praha Magnet 1952-2010
Praha Naše vojsko
Praha Vydavatelství časopisů MNO
Praha Magnet-Press
Praha Amaro
Praha
Praha
ISSN:0322-9572
1211-328X
1804-7173
Subjects:

MARC

LEADER 00000nas a2200000 a 4500
001 vtls008880252
003 SK-MaSNL
005 20260228162250.0
008 160628d19522010xr mr p 0 0 b0cze d
022 |a 0322-9572 
035 |a (SVKBB03)vtls000030969 
040 |a SVKBB  |b slo  |c SVKBB  |d SNK  |e AACR2 
041 0 |a cze 
044 |a xr  |c CZ 
080 |a 621.38  |2 2001 
080 |a 050  |2 2001 
080 |a 621.396  |2 2001 
080 |a 004.382.7  |2 2001 
210 0 |a Amat. radio 
222 0 |a Amatérské radio 
245 0 0 |a Amatérské radio  |b časopis pro elektroniky a radioamatéry 
247 0 1 |a Amatérské radio  |b Časopis pro rádiotechniku a amatérské vysílání.  |f 1952-1975 
247 0 1 |a Amatérské radio  |b Řada A. Časopis pro elektroniku a amatérské vysílání.  |f 1976-1991 
247 0 1 |a Amatérské radio  |b Řada A. Časopis pro praktickou elektroniku.  |f 1992-3/1998 
247 0 1 |a Amatérské radio  |b Řada A. Časopis pro elektroniky a radioamatéry 
260 |a Praha  |b Magnet  |c 1952-2010 
260 2 |3 1955-1957  |a Praha  |b Naše vojsko 
260 2 |3 1958-1969  |a Praha  |b Vydavatelství časopisů MNO 
260 2 |3 1970-1978  |a Praha  |b Magnet 
260 2 |3 1979-1991  |a Praha  |b Naše vojsko 
260 2 |3 1992-10/1998  |a Praha  |b Magnet-Press 
260 3 |3 11/1998-2010  |a Praha  |b Amaro 
300 |a 59 zv.  |c 35 cm 
310 |a 1x mesačne 
362 0 |a Roč. 1, č. 1 (1952)-roč. 59, č. 12 (2010) 
500 |a V r. 2011 došlo k zlúčeniu časopisov A radio - praktická elektronika ISSN 1211-328X a Amatérské radio ISSN 0322-9572 začalo vychádzať pod novým názvom: Praktická elektronika - Amatérské radio 
500 |a V r. 1996-2010 vychádzalo súbežne s periodikom Amatérské radio časopis A radio - praktická elektronika 
550 |a 1955-1957 vydáva Svaz pro spolupráci s armádou, Praha v Našom vojsku, Praha 
550 |a 1958-1969 vydáva Svaz pro spolupráci s armádou, Praha vo Vydav. časopisů MNO, Praha 
550 |a 1970-1978 vydáva ÚV Svazarmu, Praha v Magnete, Praha 
550 |a 1979-1991 vydáva ÚV Svazarmu, Praha v Našom vojsku, Praha 
550 |a 11-12/1998 vydáva Amaro, Praha v spolupr. s Magnet-Press Slovakia, Bratislava 
650 0 7 |a elektronika  |2 SNKPH  |9 3618 
650 0 7 |a rádiotechnika  |2 SNKPH  |9 67796 
655 7 |a odborné časopisy  |2 SNKPH  |9 70505 
710 2 |a Svaz pro spolupráci s armádou (Praha, Česko)  |4 pbl  |9 270681 
710 2 |a Svazarm (Praha, Česko)  |b Ústřední výbor  |4 pbl  |9 270682 
710 2 |a Magnet-Press Slovakia (Bratislava, Slovensko)  |4 pbl  |9 270374 
785 0 0 |t Praktická elektronika A Radio  |x 1211-328X  |w vtls008303952 
785 0 7 |t Praktická elektronika - Amatérské radio  |x 1804-7173  |w vtls010289593 
852 |a Štátna vedecká knižnica v Banskej Bystrici 
910 |a snk 
958 |a OND 
999 |c 7347  |d 9277 
952 |0 0  |1 0  |4 0  |7 0  |8 0  |a SNK  |b SNK  |d 1997-04-17  |i snkČIP 494/75  |l 0  |o snkČB 1435/23/1974  |p 17A0061329  |r 2005-01-02 00:00:00  |t č. 1-12  |w 2026-02-21  |y PREZ 
952 |0 0  |1 1  |4 0  |7 0  |a SNK  |b SNK  |d 1997-04-17  |l 0  |o snkČB 1435/21/1972 D1  |p 17A0061334  |r 2005-01-02 00:00:00  |t č. 1-12  |w 2026-02-21  |y PREZ 
952 |0 0  |1 1  |4 0  |7 0  |a SNK  |b SNK  |d 1997-04-17  |l 0  |o snkČB 1435/24/1975  |p 17A0061331  |r 2005-01-02 00:00:00  |t č. 1-12  |w 2026-02-21  |y PREZ 
952 |0 0  |1 1  |4 0  |7 0  |a SNK  |b SNK  |d 1997-04-17  |l 0  |o snkČB 1435/19/1970  |p 17A0061338  |r 2005-01-02 00:00:00  |t č. 1-12  |w 2026-02-21  |y PREZ 
952 |0 0  |1 0  |4 0  |7 0  |8 0  |a SNK  |b SNK  |d 1997-04-17  |i snkČIP 181/72  |l 0  |o snkČB 1435/20/1971 D1  |p 17A0061337  |r 2005-01-02 00:00:00  |t č. 1-12  |w 2026-02-21  |y PREZ 
952 |0 0  |1 1  |4 0  |7 0  |a SNK  |b SNK  |d 1997-04-17  |l 0  |o snkČB 1435/18/1969  |p 17A0061341  |r 2005-01-02 00:00:00  |t č. 1-12  |w 2026-02-21  |y PREZ 
952 |0 0  |1 1  |4 0  |7 0  |a SNK  |b SNK  |d 1997-04-17  |l 0  |o snkČB 1435/17/1968  |p 17A0061340  |r 2005-01-02 00:00:00  |t č. 1-12  |w 2026-02-21  |y PREZ 
952 |0 0  |1 1  |4 0  |7 0  |a SNK  |b SNK  |d 1997-04-17  |l 0  |o snkČB 1435/16/1967 D1  |p 17A0061249  |r 2005-01-02 00:00:00  |t č. 1-12  |w 2026-02-21  |y PREZ 
952 |0 0  |1 1  |4 0  |7 0  |a SNK  |b SNK  |d 1997-04-17  |l 0  |o snkČB 1435/15/1966  |p 17A0061344  |r 2005-01-02 00:00:00  |t č. 1-12  |w 2026-02-21  |y PREZ 
952 |0 0  |1 1  |4 0  |7 0  |a SNK  |b SNK  |d 1997-04-17  |l 0  |o snkČB 1435/14/1965  |p 17A0061343  |r 2005-01-02 00:00:00  |t č. 1-12  |w 2026-02-21  |y PREZ 
952 |0 0  |1 1  |4 0  |7 0  |a SNK  |b SNK  |d 1997-04-17  |l 0  |o snkČB 1435/12/1963  |p 17A0061342  |r 2005-01-02 00:00:00  |t č. 1-12  |w 2026-02-21  |y PREZ 
952 |0 0  |1 1  |4 0  |7 0  |a SNK  |b SNK  |d 1997-04-17  |l 0  |o snkČB 1435/7/1958  |p 17A0061231  |r 2005-01-02 00:00:00  |t č. 1-12  |w 2026-02-21  |y PREZ 
952 |0 0  |1 1  |4 0  |7 0  |a SNK  |b SNK  |d 1997-04-17  |l 0  |o snkČB 1435/10/1961  |p 17A0061242  |r 2005-01-02 00:00:00  |t č. 1-12  |w 2026-02-21  |y PREZ 
952 |0 0  |1 1  |4 0  |7 0  |a SNK  |b SNK  |d 1997-04-17  |l 0  |o snkČB 1435/11/1962  |p 17A0061235  |r 2005-01-02 00:00:00  |t č. 1-12  |w 2026-02-21  |y PREZ 
952 |0 0  |1 1  |4 0  |7 0  |a SNK  |b SNK  |d 1997-04-17  |l 0  |o snkČB 1435/5/1956  |p 17A0061241  |r 2005-01-02 00:00:00  |t č. 1-12  |w 2026-02-21  |y PREZ 
952 |0 0  |1 1  |4 0  |7 0  |a SNK  |b SNK  |d 1997-04-17  |l 0  |o snkČB 1435/9/1960  |p 17A0061346  |r 2005-01-02 00:00:00  |w 2026-02-21  |y PREZ 
952 |0 0  |1 1  |4 0  |7 0  |8 4  |a SNK  |b SNK  |d 2003-02-05  |i snkČZK 1499/2002  |l 0  |o snkČB 1435/50/2001  |p 17A0370887  |r 2005-01-02 00:00:00  |t č. 1-10  |w 2026-02-21  |y PREZ 
952 |0 0  |1 1  |4 0  |7 0  |8 4  |a SNK  |b SNK  |d 2004-09-20  |i snkČZK 947/2004  |l 0  |o snkČB 1435/52/2003  |p 17A0436696  |r 2005-01-02 00:00:00  |w 2026-02-21  |y PREZ 
952 |0 0  |1 1  |4 0  |7 0  |a SNK  |b SNK  |d 1997-04-17  |l 0  |o snkČB 1435/6/1957  |p 17A0061345  |r 2005-01-02 00:00:00  |t č. 1-12  |w 2026-02-21  |y PREZ 
952 |0 0  |1 1  |4 0  |7 0  |a SNK  |b SNK  |d 1997-04-29  |l 0  |o snkČB 1435/3/1954  |p 17A0064394  |r 2005-01-02 00:00:00  |t č. 1-12  |w 2026-02-21  |y PREZ 
952 |0 0  |1 1  |4 0  |7 0  |a SNK  |b SNK  |d 1997-04-29  |l 0  |o snkČB 1435/28/1979  |p 17A0064562  |r 2005-01-02 00:00:00  |t č. 1-12  |w 2026-02-21  |y PREZ 
952 |0 0  |1 1  |4 0  |7 0  |a SNK  |b SNK  |d 1997-04-29  |l 0  |o snkČB 1435/27/1978  |p 17A0064112  |r 2005-01-02 00:00:00  |t č. 1-12  |w 2026-02-21  |y PREZ 
952 |0 0  |1 1  |4 0  |7 0  |a SNK  |b SNK  |d 1997-04-29  |l 0  |o snkČB 1435/30/1981  |p 17A0064569  |r 2005-01-02 00:00:00  |t č. 1-12  |w 2026-02-21  |y PREZ 
952 |0 0  |1 1  |4 0  |7 0  |a SNK  |b SNK  |d 1997-04-21  |l 0  |o snkČB 1435/4/1955  |p 17A0060932  |r 2005-01-02 00:00:00  |t č. 1-12  |w 2026-02-21  |y PREZ 
952 |0 0  |1 1  |4 0  |7 0  |a SNK  |b SNK  |d 1997-05-09  |i snkČIP 1176/90  |l 0  |o snkČB 1435/38(67)/1989  |p 17A1021574  |r 2005-01-02 00:00:00  |w 2026-02-21  |y PREZ 
952 |0 0  |1 1  |4 0  |7 0  |a SNK  |b SNK  |d 1997-05-13  |l 0  |o snkČB 1435/37/1988  |p 17A0067131  |r 2005-01-02 00:00:00  |t č. 1-12  |w 2026-02-21  |y PREZ 
952 |0 0  |1 1  |4 0  |7 0  |a SNK  |b SNK  |d 1997-05-13  |l 0  |o snkČB 1435/37/1988 D1  |p 17A0067075  |r 2005-01-02 00:00:00  |t č. 1-12  |w 2026-02-21  |y PREZ 
952 |0 0  |1 1  |4 0  |7 0  |a SNK  |b SNK  |d 1997-05-13  |l 0  |o snkČB 1435/33/1984  |p 17A0067053  |r 2005-01-02 00:00:00  |t č. 1-12  |w 2026-02-21  |y PREZ 
952 |0 0  |1 1  |4 0  |7 0  |a SNK  |b SNK  |d 1997-05-13  |l 0  |o snkČB 1435/34/1985 D1  |p 17A0067095  |r 2005-01-02 00:00:00  |t č. 1-12  |w 2026-02-21  |y PREZ 
952 |0 0  |1 1  |4 0  |7 0  |a SNK  |b SNK  |d 1997-05-13  |l 0  |o snkČB 1435/35/1986  |p 17A0067107  |r 2005-01-02 00:00:00  |t č. 1-12  |w 2026-02-21  |y PREZ 
952 |0 0  |1 1  |4 0  |7 0  |8 4  |a SNK  |b SNK  |d 2011-03-10  |i snk2011/5493  |l 0  |o snkČB 1435/58/2009  |p 17A0679111  |r 2026-02-21 20:05:37  |t č. 1-12  |w 2026-02-21  |y PREZ 
952 |0 0  |1 1  |4 0  |7 0  |a SNK  |b SNK  |d 1997-04-17  |l 0  |o snkČB 1435/24/1975 D1  |p 17A0061332  |r 2005-01-02 00:00:00  |t č. 1-12  |w 2026-02-21  |y PREZ 
952 |0 0  |1 1  |4 0  |7 0  |a SNK  |b SNK  |d 1997-04-23  |l 0  |o snkČB 1435/36/1987  |p 17A0062390  |r 2005-01-02 00:00:00  |t č. 1-12  |w 2026-02-21  |y VYP 
952 |0 0  |1 1  |4 0  |7 0  |a SNK  |b SNK  |d 1997-04-17  |l 0  |o snkČB 1435/23/1974 D1  |p 17A0061333  |r 2005-01-02 00:00:00  |t č. 1-12  |w 2026-02-21  |y PREZ 
952 |0 0  |1 1  |4 0  |7 0  |8 4  |a SNK  |b SNK  |d 2012-05-16  |i snk2012/9406  |l 0  |o snkČB 1435/59/2010  |p 17A0858016  |r 2026-02-21 20:30:00  |t č. 1-12  |w 2026-02-21  |y PREZ 
952 |0 0  |1 1  |4 0  |7 0  |a SNK  |b SNK  |d 2001-03-06  |l 0  |o snkČB 1435/3/1998  |p 17A0267675  |r 2005-01-02 00:00:00  |t č. 1-12  |w 2026-02-21  |y PREZ 
952 |0 0  |1 1  |4 0  |7 0  |a SNK  |b SNK  |d 2001-04-27  |l 0  |o snkČB 1435/44/1995  |p 17A0299357  |r 2005-01-02 00:00:00  |t č. 1-12  |w 2026-02-21  |y PREZ 
952 |0 0  |1 0  |4 0  |7 0  |8 4  |a SNK  |b SNK  |d 2008-09-30  |i snk2008/18015  |l 0  |o snkČB 1435/55/2006  |p 17A0582686  |r 2026-02-21 20:49:36  |t č. 1-12 + obsah v č. 1  |w 2026-02-21  |y PREZ 
952 |0 0  |1 1  |4 0  |7 0  |8 4  |a SNK  |b SNK  |d 2001-05-30  |i snkČZK 213/2001  |l 0  |o snkČB 1435/4/1999  |p 17A0301898  |r 2005-01-02 00:00:00  |t č. 1-12  |w 2026-02-21  |y PREZ 
952 |0 0  |1 1  |4 0  |7 0  |8 4  |a SNK  |b SNK  |d 2007-08-23  |i snk2007/19466  |l 0  |o snkČB 1435/41/1993  |p 17A0477165  |r 2026-02-21 21:11:40  |t č. 1-12, neúplné  |w 2026-02-21  |y PREZ  |z Chýba č. 3-12. 
952 |0 0  |1 1  |4 0  |7 0  |8 4  |a SNK  |b SNK  |d 2007-08-23  |i snk2007/19467  |l 0  |o snkČB 1435/43/1994  |p 17A0477166  |r 2026-02-21 21:11:43  |t č. 1-12, neúplné  |w 2026-02-21  |y PREZ  |z Chýba č. 1-11. 
952 |0 0  |1 1  |4 0  |7 0  |8 4  |a SNK  |b SNK  |d 2007-08-23  |i snk2007/19468  |l 0  |o snkČB 1435/53/2004  |p 17A0548887  |r 2026-02-21 21:11:43  |t č. 1-12  |w 2026-02-21  |y PREZ  |z + obsah 
952 |0 0  |1 1  |4 0  |7 0  |8 4  |a SNK  |b SNK  |d 2007-08-23  |i snk2007/19469  |l 0  |o snkČB 1435/54/2005  |p 17A0548888  |r 2026-02-21 21:11:43  |t č. 1-12  |w 2026-02-21  |y PREZ  |z + obsah 
952 |0 0  |1 1  |4 0  |7 0  |8 4  |a SNK  |b SNK  |d 2008-06-18  |i snk2008/12779  |l 0  |o snkČB 1435/56/2007  |p 17A0582945  |r 2026-02-21 21:29:45  |t č. 1-12, neúplné  |w 2026-02-21  |y PREZ  |z Chýba č. 5. 
952 |0 0  |1 1  |4 0  |7 0  |a SNK  |b SNK  |d 1997-04-29  |l 0  |o snkČB 1435/1/1952  |p 17A0064393  |r 2005-01-02 00:00:00  |t č. 1-12  |w 2026-02-21  |y PREZ 
952 |0 0  |1 1  |4 0  |7 0  |a SNK  |b SNK  |d 1996-11-28  |l 0  |o snkČB 1435/40/69/1991  |p 17A0022917  |r 2005-01-01 00:00:00  |t č. 1-11  |w 2026-02-21  |y PREZ 
952 |0 0  |1 1  |4 0  |7 0  |a SNK  |b SNK  |d 1997-05-13  |l 0  |o snkČB 1435/40/69/1991 D1  |p 17A0067110  |r 2005-01-01 00:00:00  |t č. 1-11  |w 2026-02-21  |y PREZ 
952 |0 0  |1 1  |4 0  |7 0  |a SNK  |b SNK  |d 1996-11-28  |l 0  |o snkČB 1435/32/1983  |p 17A0022951  |r 2005-01-01 00:00:00  |w 2026-02-21  |y PREZ 
952 |0 0  |1 1  |4 0  |7 0  |a SNK  |b SNK  |d 1997-04-29  |l 0  |o snkČB 1435/32/1983 D1  |p 17A0064208  |r 2005-01-01 00:00:00  |t č. 1-12  |w 2026-02-21  |y PREZ 
952 |0 0  |1 1  |4 0  |7 0  |a SNK  |b SNK  |d 1997-01-16  |l 0  |o snkČB 1435/31/1982  |p 17A0030869  |r 2005-01-01 00:00:00  |t č. 1-12  |w 2026-02-21  |y PREZ 
952 |0 0  |1 1  |4 0  |7 0  |a SNK  |b SNK  |d 1997-01-20  |l 0  |o snkČB 1435/25/1976 D1  |p 17A0030536  |r 2005-01-01 00:00:00  |t č. 1-12  |w 2026-02-21  |y PREZ 
952 |0 0  |1 1  |4 0  |7 0  |a SNK  |b SNK  |d 1997-01-23  |l 0  |o snkČB 1435/29/1980  |p 17A0031654  |r 2005-01-01 00:00:00  |t č. 1-12  |w 2026-02-21  |y PREZ 
952 |0 0  |1 1  |4 0  |7 0  |a SNK  |b SNK  |d 1997-02-11  |l 0  |o snkČB 1435/39[68]/1990 D1  |p 17A0036131  |r 2005-01-02 00:00:00  |t č. 1-12  |w 2026-02-21  |y PREZ 
952 |0 0  |1 1  |4 0  |7 0  |a SNK  |b SNK  |d 1997-05-07  |l 0  |o snkČB 1435/39[68]/1990  |p 17A0064733  |r 2005-01-02 00:00:00  |t č. 1-12  |w 2026-02-21  |y PREZ 
952 |0 0  |1 1  |4 0  |7 0  |a SNK  |b SNK  |d 1997-02-06  |l 0  |o snkČB 1435/22/1973  |p 17A0036446  |r 2005-01-02 00:00:00  |t č. 1-12  |w 2026-02-21  |y PREZ 
952 |0 0  |1 0  |4 0  |7 0  |a SNK  |b SNK  |d 1997-04-17  |i snkČIP 403/74  |l 0  |o snkČB 1435/22/1973 D1  |p 17A0061330  |r 2005-01-02 00:00:00  |t č. 1-12  |w 2026-02-21  |y PREZ 
952 |0 0  |1 1  |4 0  |7 0  |a SNK  |b SNK  |d 1997-02-06  |l 0  |o snkČB 1435/41(70)/1992  |p 17A0036439  |r 2005-01-02 00:00:00  |t č. 1-12  |w 2026-02-21  |y PREZ 
952 |0 0  |1 1  |4 0  |7 0  |a SNK  |b SNK  |d 1997-05-13  |l 0  |o snkČB 1435/41(70)/1992 D1  |p 17A0067134  |r 2005-01-02 00:00:00  |t č. 1-12  |w 2026-02-21  |y PREZ 
952 |0 0  |1 1  |4 0  |7 0  |8 4  |a SNK  |b SNK  |d 2010-03-15  |i snk2010/5133  |l 0  |o snkČB 1435/57/2008  |p 17A0635424  |r 2026-02-21 21:42:01  |t č. 1-12 + obsah v č. 1  |w 2026-02-21  |y PREZ 
952 |0 0  |1 1  |4 0  |7 0  |a SNK  |b SNK  |d 2002-12-10  |l 0  |o snkČB 1435/49/2000  |p 17A0369480  |r 2005-01-02 00:00:00  |t č. 1-12, neúplné  |w 2026-02-21  |y PREZ  |z Chýba č. 1-4 
952 |0 0  |1 1  |4 0  |7 0  |a SNK  |b SNK  |d 1997-04-17  |l 0  |o snkČB 1435/16/1967  |p 17A0061339  |r 2005-01-02 00:00:00  |t č. 1-12  |w 2026-02-21  |y PREZ